Statystyki dla Największe lotniska świata po kodach ICAO

Kliknij tutaj aby rozwiązać quiz!

Ogólne statystyki

  • Ten quiz został rozwiązany 34 razy
  • Średni wynik to 18 z 40

Statystyki odpowiedzi

HintOdpowiedź% Poprawnych
EGLLLondyn-Heathrow
88%
EGKKLondyn-Gatwick
84%
KJFKNowy Jork
84%
KLAXLos Angeles
78%
OMDBDubaj
75%
LFPGParyż
72%
RJTTTokio
72%
KATLAtlanta
66%
KORDChicago
66%
ZBAAPekin
66%
EHAMAmsterdam
56%
LEBLBarcelona
56%
EDDFFrankfurt
56%
LEMDMadryt
56%
KMIAMiami
53%
KSFOSan Francisco
53%
RKSISeul
53%
EDDMMonachium
47%
YSSYSydney
47%
KSEASeattle-Tacoma
44%
LTFMStambuł
44%
CYYZToronto
44%
VIDPDelhi
41%
KLASLas Vegas
41%
ZSPDSzanghaj
41%
KDFWDallas
34%
VHHHHong Kong
34%
MMMXMeksyk
34%
WSSSSingapur
34%
KDENDenver
31%
WMKKKuala Lumpur
28%
WIIIDżakarta
25%
VABBMumbaj
25%
KMCOOrlando
22%
VTBSBangkok
19%
KCLTCharlotte
19%
RCTPTajpej-Tajwan
19%
ZGGGKanton
16%
ZUUUChengdu
13%
ZGSZShenzhen
13%

Rozkład punktacji

Percentyl według liczby udzielonych odpowiedzi

Procent ludzi z każdym wynikiem

Twoja historia wyników

Nie rozwiązałeś tego quizu